00616nai a2200157Ia 4500003000900000008004100009022002300050040001600073245005300089260008600142310001400228362002500242521006900267650002900336856009300365IN-BaIIA211028c9999 xx s 000 0 eng d a2573-9689 (Online) cIIA Library 0aIEEE Letters of the Computer Societyh[eJournal] aNew York, USAbThe Institute of Electrical and Electronics Engineers, Inc. (IEEE) aBiannualy a1(1); 2018 - Present bSubscribed through National Knowledge Resource Consortium (NKRC) aComputing and Processing uhttps://ieeexplore.ieee.org/servlet/opac?punumber=8012254yClick Here to Access eJournal